[Event "BL 2223 (Women)"]
[Site "Germany"]
[Date "2023.02.18"]
[Round "5.3"]
[White "Paehtz, Elisabeth"]
[Black "Hincu, Olga"]
[Result "1-0"]
[WhiteElo "2469"]
[BlackElo "2104"]
[PlyCount "65"]
[EventDate "2022.10.15"]
[EventType "team-tourn"]
[EventRounds "11"]
[EventCountry "GER"]
[SourceTitle "CBM 213 Extra"]
[Source "ChessBase"]
[SourceDate "2023.05.31"]
[SourceVersion "1"]
[SourceVersionDate "2023.05.31"]
[SourceQuality "1"]
[WhiteTeam "Baden-Baden (W)"]
[BlackTeam "Leipzig Weissblau (W)"]
[WhiteTeamCountry "GER"]
[BlackTeamCountry "GER"]

1. d4 d5 2. Nf3 Nf6 3. c4 e6 4. g3 c6 5. Qc2 Bd6 6. Bg2 0-0 7. Nc3 Nbd7 8. 0-0 b6 9. e4 Nxe4 10. Nxe4 dxe4 11. Ng5 Nf6 12. Nxe4 Bb7 13. Nxd6 Qxd6 14. Bf4 Qd7 15. Rad1 Rfd8 16. Rfe1 a5 17. Bg5 b5 18. Re5 bxc4 19. Qxc4 c5 20. Bxf6 gxf6 21. Rxc5 Bxg2 22. Kxg2 Qb7+ 23. d5 Rd6 24. Rb5 Qa6 25. a4 Rc8 26. Qg4+ Kf8 27. Qh5 Rcd8 28. dxe6 Qc6+ 29. Kh3 fxe6 30. Qh6+ Ke8 31. Rxd6 Qxd6 32. Qxf6 Kd7 33. Qf7+ 1-0

[Event "Olympiad Women-43"]
[Site "Batumi"]
[Date "2018.09.24"]
[Round "1.47"]
[White "Mentile, Lishen"]
[Black "Hincu, Olga"]
[Result "0-1"]
[WhiteElo "1502"]
[BlackElo "2124"]
[PlyCount "70"]
[EventDate "2018.09.24"]
[EventType "team-swiss"]
[EventRounds "11"]
[EventCountry "GEO"]
[SourceTitle "EXT 2020"]
[Source "ChessBase"]
[SourceDate "2019.10.17"]
[SourceVersion "1"]
[SourceVersionDate "2019.10.17"]
[SourceQuality "1"]
[WhiteTeam "Namibia (W)"]
[BlackTeam "Moldova (W)"]
[WhiteTeamCountry "NAM"]
[BlackTeamCountry "MDA"]

1. e4 e6 2. Nf3 d5 3. exd5 exd5 4. d4 Nf6 5. h3 Be7 6. Be2 0-0 7. 0-0 Ne4 8. Bf4 c5 9. c3 Nc6 10. Nbd2 Bf5 11. Nxe4 dxe4 12. Ne5 Nxe5 13. dxe5 Qb6 14. b3 Rad8 15. Qc1 f6 16. Bc4+ Be6 17. Bxe6+ Qxe6 18. exf6 Bxf6 19. Qe3 Rd3 20. Qxc5 Bxc3 21. Rac1 Bd4 22. Qg5 h6 23. Qh4 g5 24. Bxg5 hxg5 25. Qxg5+ Bg7 26. Rc7 Rf7 27. Rfc1 Rxc7 28. Rxc7 Rd1+ 29. Kh2 Qe5+ 30. Qg3 Qxg3+ 31. fxg3 e3 32. Re7 Bd4 33. Re4 Rd2 34. g4 e2 35. Kg3 e1Q+ 0-1

[Event "Wch U20 Girls 35th"]
[Site "Tarvisio"]
[Date "2017.11.17"]
[Round "5"]
[White "Hincu, Olga"]
[Black "Injac, Teodora"]
[Result "1/2-1/2"]
[WhiteElo "2118"]
[BlackElo "2244"]
[PlyCount "86"]
[EventDate "2017.11.13"]
[EventType "swiss"]
[EventRounds "11"]
[EventCountry "ITA"]
[SourceTitle "CBM 181 Extra"]
[Source "ChessBase"]
[SourceDate "2017.12.12"]
[SourceVersion "1"]
[SourceVersionDate "2017.12.12"]
[SourceQuality "1"]

1. c4 g6 2. g3 Bg7 3. Bg2 Nf6 4. Nc3 0-0 5. Nf3 d6 6. 0-0 e5 7. d3 Nc6 8. Bg5 h6 9. Bxf6 Bxf6 10. Rb1 a5 11. a3 Be6 12. b4 axb4 13. axb4 Qd7 14. Nd2 Rab8 15. b5 Ne7 16. Nb3 Bg7 17. Qc2 c6 18. bxc6 bxc6 19. c5 d5 20. Na4 Qc7 21. Qd2 Rb5 22. Nc3 Rb7 23. Na4 Rfb8 24. Nb6 Nc8 25. Na5 Ra7 26. Nxc8 Rxb1 27. Rxb1 Qxa5 28. Ne7+ Kh7 29. Qxa5 Rxa5 30. Nxc6 Rxc5 31. Nd8 Bg4 32. f3 Be6 33. Nxe6 fxe6 34. Rb7 Rc2 35. Kf2 Kg8 36. Bh3 e4 37. Rb8+ Kh7 38. fxe4 dxe4 39. dxe4 Bd4+ 40. Kf3 Rc3+ 41. Kg2 e5 42. Rb7+ Kh8 43. Bg4 Ra3 1/2-1/2

[Event "Wch U20 Girls 35th"]
[Site "Tarvisio"]
[Date "2017.11.14"]
[Round "2"]
[White "Bidhar, Rutumbara"]
[Black "Hincu, Olga"]
[Result "0-1"]
[WhiteElo "1904"]
[BlackElo "2118"]
[PlyCount "52"]
[EventDate "2017.11.13"]
[EventType "swiss"]
[EventRounds "11"]
[EventCountry "ITA"]
[SourceTitle "CBM 181 Extra"]
[Source "ChessBase"]
[SourceDate "2017.12.12"]
[SourceVersion "1"]
[SourceVersionDate "2017.12.12"]
[SourceQuality "1"]

1. e4 e6 2. d4 d5 3. exd5 exd5 4. Bd3 c5 5. Bb5+ Nc6 6. Nc3 Nf6 7. Nge2 h6 8. Bf4 Bg4 9. Be5 c4 10. Bxf6 gxf6 11. h3 Bf5 12. Nf4 Bb4 13. 0-0 Bxc3 14. bxc3 Qd6 15. Re1+ Kd8 16. Qf3 Be4 17. Rxe4 dxe4 18. Qxe4 Re8 19. Qf3 Rc8 20. Rd1 f5 21. Bxc4 Re4 22. g3 Nxd4 23. Qd3 Rxc4 24. f3 Rxc3 25. Qf1 Rxf4 26. gxf4 Kc7 0-1

[Event "Olympiad Women-42"]
[Site "Baku"]
[Date "2016.09.10"]
[Round "8.2"]
[White "Hincu, Olga"]
[Black "Shabanaj, Alda"]
[Result "1-0"]
[WhiteElo "2125"]
[BlackElo "1881"]
[PlyCount "55"]
[EventDate "2016.09.02"]
[EventType "team-swiss"]
[EventRounds "11"]
[EventCountry "AZE"]
[SourceTitle "CBM 174 Extra"]
[Source "ChessBase"]
[SourceDate "2016.10.10"]
[SourceVersion "1"]
[SourceVersionDate "2016.10.10"]
[SourceQuality "1"]
[WhiteTeam "Moldova (W)"]
[BlackTeam "Albania (W)"]
[WhiteTeamCountry "MDA"]
[BlackTeamCountry "ALB"]

1. c4 Nf6 2. d4 g6 3. Nd2 d5 4. cxd5 Qxd5 5. Ngf3 Bg7 6. e4 Qa5 7. Bc4 0-0 8. 0-0 e6 9. a3 b5 10. b4 Qb6 11. Bd3 Nc6 12. Bb2 Rd8 13. Nb3 a5 14. Bc3 axb4 15. axb4 Rxa1 16. Qxa1 Bb7 17. d5 Ra8 18. Qb2 Nxb4 19. Bxb4 Nxd5 20. Qd2 Nxb4 21. Qxb4 Ra4 22. Qe7 Bf8 23. Qf6 h6 24. Ne5 Bg7 25. Qxf7+ Kh7 26. Qxg6+ Kg8 27. Qf7+ Kh7 28. Nd7 1-0

[Event "Olympiad Women-42"]
[Site "Baku"]
[Date "2016.09.03"]
[Round "2.2"]
[White "Ushenina, Anna"]
[Black "Hincu, Olga"]
[Result "1-0"]
[WhiteElo "2457"]
[BlackElo "2125"]
[PlyCount "57"]
[EventDate "2016.09.02"]
[EventType "team-swiss"]
[EventRounds "11"]
[EventCountry "AZE"]
[SourceTitle "CBM 174 Extra"]
[Source "ChessBase"]
[SourceDate "2016.10.10"]
[SourceVersion "1"]
[SourceVersionDate "2016.10.10"]
[SourceQuality "1"]
[WhiteTeam "Ukraine (W)"]
[BlackTeam "Moldova (W)"]
[WhiteTeamCountry "UKR"]
[BlackTeamCountry "MDA"]

1. d4 d5 2. c4 e6 3. Nc3 Nf6 4. Nf3 Bb4 5. cxd5 exd5 6. Bg5 0-0 7. e3 c5 8. Rc1 c4 9. Nd2 Bxc3 10. bxc3 h6 11. Bh4 g5 12. Bg3 Nc6 13. Qc2 Re8 14. Be2 b5 15. Rb1 Bd7 16. h4 Qc8 17. Qc1 g4 18. h5 a5 19. Bf4 Kh7 20. Rxb5 Nxd4 21. cxd4 Bxb5 22. Qb1+ Kg8 23. Qxb5 c3 24. Nb3 c2 25. 0-0 Nxh5 26. Be5 Qf5 27. Bd3 Qg5 28. Bxc2 g3 29. Qd3 1-0

[Event "Olympiad Women-42"]
[Site "Baku"]
[Date "2016.09.02"]
[Round "1.43"]
[White "Al Khelaifi, Kholoud"]
[Black "Hincu, Olga"]
[Result "0-1"]
[WhiteElo "1492"]
[BlackElo "2125"]
[PlyCount "68"]
[EventDate "2016.09.02"]
[EventType "team-swiss"]
[EventRounds "11"]
[EventCountry "AZE"]
[SourceTitle "CBM 174 Extra"]
[Source "ChessBase"]
[SourceDate "2016.10.10"]
[SourceVersion "1"]
[SourceVersionDate "2016.10.10"]
[SourceQuality "1"]
[WhiteTeam "Qatar (W)"]
[BlackTeam "Moldova (W)"]
[WhiteTeamCountry "QAT"]
[BlackTeamCountry "MDA"]

1. d4 d5 2. c4 e6 3. Nc3 Nf6 4. cxd5 exd5 5. Bg5 c6 6. e3 Nbd7 7. Bd3 Be7 8. Qc2 0-0 9. Nf3 Re8 10. 0-0 Nf8 11. h3 g6 12. Ne5 Ne6 13. Bh6 Ng7 14. g4 Nd7 15. f4 Nxe5 16. fxe5 Bg5 17. Bxg5 Qxg5 18. Qf2 Be6 19. e4 h5 20. exd5 cxd5 21. Qf4 Qh4 22. gxh5 Qxh5 23. Rf3 Rad8 24. Nb5 g5 25. Qf6 Bxh3 26. Rg3 g4 27. Nd6 Rf8 28. Bf5 Rxd6 29. Qxd6 Nxf5 30. Rxh3 gxh3 31. Qxd5 Qg4+ 32. Kf2 Qg3+ 33. Ke2 Qe3+ 34. Kf1 Ng3# 0-1

[Event "EU-ch U18 Girls 25th"]
[Site "Porec"]
[Date "2015.09.30"]
[Round "9"]
[White "Machlik, Edit"]
[Black "Hincu, Olga"]
[Result "1-0"]
[WhiteElo "1972"]
[BlackElo "2038"]
[PlyCount "107"]
[EventDate "2015.09.21"]
[EventType "swiss"]
[EventRounds "9"]
[EventCountry "CRO"]
[SourceTitle "EXT 2016"]
[Source "ChessBase"]
[SourceDate "2015.10.08"]
[SourceVersion "1"]
[SourceVersionDate "2015.10.08"]
[SourceQuality "1"]

1. d4 d6 2. c4 e5 3. Nf3 e4 4. Ng5 f5 5. g3 Be7 6. Nh3 Nf6 7. Bg2 0-0 8. 0-0 c6 9. d5 Nbd7 10. Nc3 Ne5 11. b3 Qc7 12. Bb2 a6 13. Rc1 Bd7 14. Qd2 c5 15. f3 b5 16. Nd1 exf3 17. exf3 a5 18. Nf4 Rfb8 19. Ne6 Bxe6 20. dxe6 Ra6 21. f4 Nc6 22. Ne3 bxc4 23. bxc4 g6 24. Nd5 Nxd5 25. cxd5 Rxb2 26. Qxb2 Nb4 27. Qe2 Ra8 28. a3 Na6 29. g4 fxg4 30. f5 Bg5 31. Rc3 gxf5 32. Rxf5 Qg7 33. Rb3 c4 34. Rb2 c3 35. Rc2 Bf6 36. Qb5 Rf8 37. Kh1 Nc5 38. Qf1 Nb3 39. Rcf2 Nd2 40. Qd1 g3 41. R2f4 Kh8 42. h3 Qe7 43. Qc2 Kg8 44. Qd3 Rc8 45. Qc2 Bg7 46. Rf7 Qg5 47. Rg4 Qe5 48. Rgxg7+ Qxg7 49. Rxg7+ Kxg7 50. e7 Kg8 51. Qxc3 Rxc3 52. e8Q+ Kg7 53. Qe7+ Kg8 54. Qg5+ 1-0

[Event "EU-ch U18 Girls 25th"]
[Site "Porec"]
[Date "2015.09.23"]
[Round "3"]
[White "Pasoglou, Ekaterini"]
[Black "Hincu, Olga"]
[Result "0-1"]
[WhiteElo "1828"]
[BlackElo "2038"]
[PlyCount "35"]
[EventDate "2015.09.21"]
[EventType "swiss"]
[EventRounds "9"]
[EventCountry "CRO"]
[SourceTitle "EXT 2016"]
[Source "ChessBase"]
[SourceDate "2015.10.08"]
[SourceVersion "1"]
[SourceVersionDate "2015.10.08"]
[SourceQuality "1"]

1. e4 e5 2. d4 d5 3. Nc3 Nf6 4. Bg5 dxe4 5. Nxe4 Nbd7 6. Nf3 h6 7. Be3 Nxe4 8. Bd3 Nef6 9. Qe2 Be7 10. h3 c5 11. dxc5 Nxc5 12. Bxc5 Bxc5 13. Bb5+ Bd7 14. 0-0-0 Qe7 15. Rxd7 Nxd7 16. Nxe5 0-0-0 17. Bxd7+ Rxd7 18. Nxd7 0-1

[Event "EU-ch U18 Girls 24th"]
[Site "Batumi"]
[Date "2014.10.23"]
[Round "5"]
[White "Hincu, Olga"]
[Black "Velikic, Adela"]
[Result "0-1"]
[WhiteElo "2070"]
[BlackElo "2224"]
[PlyCount "72"]
[EventDate "2014.10.19"]
[EventType "swiss"]
[EventRounds "9"]
[EventCountry "GEO"]
[SourceTitle "EXT 2015"]
[Source "ChessBase"]
[SourceDate "2014.11.20"]
[SourceVersion "1"]
[SourceVersionDate "2014.11.20"]
[SourceQuality "1"]

1. d4 d5 2. Nf3 Nf6 3. c4 c6 4. e3 Bg4 5. h3 Bxf3 6. Qxf3 e6 7. Nc3 Nbd7 8. Bd3 Bd6 9. Bd2 Qe7 10. cxd5 exd5 11. g4 Bb4 12. 0-0 Bxc3 13. Bxc3 Ne4 14. Be1 h5 15. Bxe4 dxe4 16. Qg3 hxg4 17. hxg4 Nf6 18. f4 exf3 19. Rxf3 Ne4 20. Qe5 Qxe5 21. dxe5 Rd8 22. Rf4 Ng5 23. Kg2 Ne6 24. Rf3 Rd3 25. Bc3 Ng5 26. Rf5 Ne4 27. Bd4 g6 28. e6 Rxd4 29. exf7+ Kf8 30. exd4 gxf5 31. gxf5 Kxf7 32. Kf3 Nd6 33. Kg4 Rg8+ 34. Kf4 Kf6 35. d5 cxd5 36. Rd1 Rg5 0-1

[Event "EU-ch U18 Girls 24th"]
[Site "Batumi"]
[Date "2014.10.20"]
[Round "2"]
[White "Heinemann, Josefine"]
[Black "Hincu, Olga"]
[Result "1/2-1/2"]
[WhiteElo "2021"]
[BlackElo "2070"]
[PlyCount "88"]
[EventDate "2014.10.19"]
[EventType "swiss"]
[EventRounds "9"]
[EventCountry "GEO"]
[SourceTitle "EXT 2015"]
[Source "ChessBase"]
[SourceDate "2014.11.20"]
[SourceVersion "1"]
[SourceVersionDate "2014.11.20"]
[SourceQuality "1"]

1. e4 e6 2. d4 d5 3. Nc3 Nf6 4. e5 Nfd7 5. f4 c5 6. Nf3 Nc6 7. Be3 Qb6 8. Na4 Qa5+ 9. c3 b6 10. Bd2 c4 11. b4 Qa6 12. Be2 Be7 13. 0-0 Qb7 14. Nb2 b5 15. Qc2 g6 16. Rfb1 a5 17. a3 h5 18. Nd1 Nb6 19. Nf2 Bd7 20. Nh3 Qa7 21. Qd1 Na4 22. Qe1 Nb6 23. Kh1 Qc7 24. Nfg5 Bf8 25. Bd1 Ne7 26. Bc2 Nf5 27. Bxf5 gxf5 28. Ng1 Bc6 29. Ne2 Nc8 30. Ng3 h4 31. Ne2 Ne7 32. Ng1 Ng6 33. Qd1 Be7 34. N1h3 Bd8 35. Kg1 Qe7 36. Bc1 Bb6 37. Kh1 Kd7 38. Nf3 Qf8 39. Qc2 Ra7 40. Nhg5 Qe7 41. Be3 Raa8 42. Qc1 Bc7 43. Qc2 Bb6 44. Qc1 Bc7 1/2-1/2

[Event "Olympiad Women-41"]
[Site "Tromsoe"]
[Date "2014.08.11"]
[Round "9.3"]
[White "Hincu, Olga"]
[Black "Schut, Lisa"]
[Result "0-1"]
[WhiteElo "2027"]
[BlackElo "2317"]
[PlyCount "46"]
[EventDate "2014.08.02"]
[EventType "team-swiss"]
[EventRounds "11"]
[EventCountry "NOR"]
[SourceTitle "CBM 162"]
[Source "ChessBase"]
[SourceDate "2014.09.17"]
[SourceVersion "1"]
[SourceVersionDate "2014.09.17"]
[SourceQuality "1"]
[WhiteTeam "Moldova (W)"]
[BlackTeam "Netherlands (W)"]
[WhiteTeamCountry "MDA"]
[BlackTeamCountry "NED"]

1. d4 Nf6 2. Nf3 g6 3. Nbd2 d5 4. e3 c5 5. dxc5 Bg7 6. c4 0-0 7. cxd5 Qxd5 8. Bc4 Qxc5 9. a3 Rd8 10. Qc2 Qh5 11. 0-0 Nc6 12. b4 Ng4 13. Bb2 Bf5 14. e4 Bxb2 15. Qxb2 Rxd2 16. Qxd2 Bxe4 17. Qf4 Bxf3 18. gxf3 Nge5 19. Bd5 Rd8 20. Bxc6 bxc6 21. Rad1 Nxf3+ 22. Kh1 Rd5 23. Rc1 Rd4 0-1

[Event "Olympiad Women-41"]
[Site "Tromsoe"]
[Date "2014.08.10"]
[Round "8.4"]
[White "Hincu, Olga"]
[Black "Smith, Lynda"]
[Result "1-0"]
[WhiteElo "2027"]
[BlackElo "1920"]
[PlyCount "70"]
[EventDate "2014.08.02"]
[EventType "team-swiss"]
[EventRounds "11"]
[EventCountry "NOR"]
[SourceTitle "CBM 162"]
[Source "ChessBase"]
[SourceDate "2014.09.17"]
[SourceVersion "1"]
[SourceVersionDate "2014.09.17"]
[SourceQuality "1"]
[WhiteTeam "Moldova (W)"]
[BlackTeam "Wales (W)"]
[WhiteTeamCountry "MDA"]
[BlackTeamCountry "WLS"]

1. c4 f5 2. g3 Nf6 3. Bg2 g6 4. Nc3 Bg7 5. d3 d6 6. e4 e5 7. Nge2 Nc6 8. 0-0 0-0 9. Nd5 fxe4 10. dxe4 Nxd5 11. cxd5 Nd4 12. Nxd4 exd4 13. b4 c5 14. dxc6 bxc6 15. Qb3+ Kh8 16. Bb2 Rb8 17. Rfd1 c5 18. a3 Qe7 19. f4 Be6 20. Qf3 Qd7 21. Rd2 a5 22. bxc5 dxc5 23. Rc1 Rb3 24. Qf2 Rc8 25. e5 Bf8 26. Be4 d3 27. g4 c4 28. Bd4 Bxa3 29. f5 Bxc1 30. fxe6 Qxe6 31. Bd5 Qxd5 32. e6+ Qxd4 33. Qxd4+ Kg8 34. Rf2 Ba3 35. Qd7 Rf8 1-0

[Event "Olympiad Women-41"]
[Site "Tromsoe"]
[Date "2014.08.03"]
[Round "2.3"]
[White "Matnadze, Ana"]
[Black "Hincu, Olga"]
[Result "0-1"]
[WhiteElo "2385"]
[BlackElo "2027"]
[PlyCount "108"]
[EventDate "2014.08.02"]
[EventType "team-swiss"]
[EventRounds "11"]
[EventCountry "NOR"]
[SourceTitle "CBM 162"]
[Source "ChessBase"]
[SourceDate "2014.09.17"]
[SourceVersion "1"]
[SourceVersionDate "2014.09.17"]
[SourceQuality "1"]
[WhiteTeam "Spain (W)"]
[BlackTeam "Moldova (W)"]
[WhiteTeamCountry "ESP"]
[BlackTeamCountry "MDA"]

1. c4 e6 2. Nf3 d5 3. d4 Nf6 4. g3 Be7 5. Bg2 dxc4 6. Ne5 0-0 7. 0-0 Nc6 8. Bxc6 bxc6 9. Nxc6 Qe8 10. Nxe7+ Qxe7 11. Qa4 e5 12. dxe5 Qxe5 13. Nc3 Be6 14. Qb5 c5 15. Bf4 Qh5 16. f3 Rfd8 17. Rfd1 h6 18. Bd6 Rac8 19. Qb7 a5 20. a4 Qf5 21. Rac1 Ne8 22. Bf4 Rxd1+ 23. Rxd1 Nf6 24. e4 Qh3 25. Qb6 Qh5 26. g4 Qh3 27. Bg3 h5 28. Ne2 g5 29. Rd8+ Rxd8 30. Qxd8+ Kg7 31. e5 Nh7 32. gxh5 Qxh5 33. Kf2 Qg6 34. Qxa5 g4 35. f4 Qc2 36. Qxc5 Qxb2 37. Qd4 Qb7 38. Qc3 Qa7+ 39. Nd4 Qxa4 40. f5 Ng5 41. Ke3 Bd5 42. e6 Ne4 43. Qb2 f6 44. Be1 Qd1 45. Qb4 Qd3+ 46. Kf4 Qf1+ 47. Ke3 Qd3+ 48. Kf4 Nd6 49. Bd2 Qe4+ 50. Kg3 Qg2+ 51. Kf4 Qf2+ 52. Kxg4 Qxd4+ 53. Bf4 Qd1+ 54. Kg3 Qf3+ 0-1

[Event "EU-chT U18 Girls"]
[Site "Iasi"]
[Date "2014.07.21"]
[Round "7.8"]
[White "Visanescu, Daria Ioana"]
[Black "Hincu, Olga"]
[Result "1/2-1/2"]
[WhiteElo "2090"]
[BlackElo "2011"]
[PlyCount "81"]
[EventDate "2014.07.15"]
[EventType "team-swiss"]
[EventRounds "7"]
[EventCountry "ROU"]
[SourceTitle "CBM 161 Extra"]
[Source "ChessBase"]
[SourceDate "2014.08.29"]
[SourceVersion "1"]
[SourceVersionDate "2014.08.29"]
[SourceQuality "1"]
[WhiteTeam "Romania U18 Girls"]
[BlackTeam "Moldova U18 Girls"]
[WhiteTeamCountry "ROU"]
[BlackTeamCountry "MDA"]

1. e4 e6 2. d4 d5 3. Nc3 Nf6 4. e5 Nfd7 5. f4 c5 6. Nf3 Nc6 7. Be3 cxd4 8. Nxd4 Bc5 9. Qd2 Bxd4 10. Bxd4 Nxd4 11. Qxd4 Qb6 12. Qxb6 Nxb6 13. Bd3 Bd7 14. 0-0 g6 15. h3 h5 16. Kh2 Ke7 17. Ne2 Na4 18. b3 Nc5 19. Nd4 Rac8 20. Rac1 Rc7 21. Rcd1 a6 22. Rf2 b5 23. a3 Bc6 24. Re2 Bb7 25. g3 Ne4 26. Bxe4 dxe4 27. Re3 Rhc8 28. Kg1 Rc3 29. Rde1 f6 30. g4 fxe5 31. fxe5 Rxe3 32. Rxe3 h4 33. b4 g5 34. Kf2 Rf8+ 35. Kg1 Rc8 36. Kf2 Rf8+ 37. Kg1 Rc8 38. Kf2 Rf8+ 39. Kg1 Rc8 40. Kf2 Rf8+ 41. Kg1 1/2-1/2